| 000 | 01108nam a2200253Ia 4500 | ||
|---|---|---|---|
| 001 | 270.8-VIN lé co (20167) | ||
| 003 | IT-MiSPE | ||
| 008 | 171229s9999||||xx |||||||||||||| ||und|| | ||
| 040 |
_aIT-MiSPE _cIT-MiSPE |
||
| 041 | _aITALIANO | ||
| 100 |
_aVincenzo di Lérins _gsanto |
||
| 240 | _aCommonitoria | ||
| 245 | 0 |
_aCommonitorio _bEstratti |
|
| 250 | _a1a ed. (v) | ||
| 260 |
_aMilano _bPaoline _c2008 |
||
| 300 |
_a295 p. _c20 cm |
||
| 490 |
_aLetture cristiane del primo millennio _v43 |
||
| 501 | _aEdizioni San Paolo srl - Piazza Soncino, 5 - 20092 CINISELLO BALSAMO (MI) (non commercial uses only) ® Copyright 2018 | ||
| 520 | _aCristina Simonelli (intr. e note) | ||
| 700 |
_aCristina Simonelli _g(traduzione) |
||
| 942 | _cBK | ||
| 957 | _71 | ||
| 999 |
_a7230 _bNO _g Copie: 1 _c347334 _d347334 |
||